Statystyki dla Odgadnij kierowcę Formuły 1 po jego karierze PART 1

Kliknij tutaj aby rozwiązać quiz!

Ogólne statystyki

  • Ten quiz został rozwiązany 327 razy
  • Średni wynik to 13 z 15

Statystyki odpowiedzi

HintOdpowiedź% Poprawnych
2007, 2008-2022
BMW Sauber
-
Toro Rosso
-
Red Bull
-
Ferrari
-
Aston Martin
Sebastian Vettel
99%
2007-dziś
McLaren
-
Mercedes
Lewis Hamilton
98%
2018-dziś
Sauber
-
Ferrari
Charles Leclerc
96%
2001-2018,2021-dziś
Minardi
-
Renault
-
McLaren
-
Renault
-
Ferrari
-
Mclaren
-
Alpine
-
Aston Martin
Fernando Alonso
94%
2011-dziś
Sauber
-
Force India
-
Racing Point
-
Red Bull
Sergio Perez
91%
1991-2006,2010-2012
Jordan
-
Benneton
-
Ferrari
-
Mercedes
Michael Schumacher
87%
2001-2009, 2012-2021
Sauber
-
McLaren
-
Ferrari
-
Lotus
-
Ferrari
-
Alfa Romeo
Kimi Raikkonen
84%
2006-2010, 2019, 2021
BMW Sauber
-
Renault
-
Williams
-
Alfa Romeo
Robert Kubica
84%
2014,2016-2020, 2022-Dziś
McLaren
-
Renault
-
Haas
Kevin Magnussen
83%
2009,2012-2020
Renault
-
Lotus
-
Haas
Romain Grosjean
80%
1984-1994
Toleman
-
Lotus
-
McLaren
-
Williams
Ayrton Senna
77%
2014-2017, 2019-2020
Toro Rosso
-
Red Bull
-
Toro Rosso
-
AlphaTauri
Daniił Kvyat
74%
2000-2016, 2017
Williams
-
Benneton
-
Renault
-
BAR Honda
-
Honda
-
Brawn GP
-
McLaren
Jenson Button
70%
2010,2012-2019, 2020, 2022, 2023-Dziś
Williams
-
Force India
-
Sauber
-
Force India
-
Renault
-
Racing Point
-
Aston Martin
-
Haas
Nico Hulkenberg
70%
1980-1991,1993
McLaren
-
Renault
-
McLaren
-
Ferrari
-
Williams
Alain Prost
69%

Rozkład punktacji

Percentyl według liczby udzielonych odpowiedzi

Procent ludzi z każdym wynikiem

Twoja historia wyników

Nie rozwiązałeś tego quizu